| 000 | 00852nam a22002537a 4500 | ||
|---|---|---|---|
| 005 | 20250415145739.0 | ||
| 008 | 250415b |||||||| |||| 00| 0 eng d | ||
| 020 | _a978-90-04-70322-3 (hbk) | ||
| 037 | _cTB | ||
| 040 |
_aCRL _cCRL |
||
| 041 |
_2eng _aeng |
||
| 084 |
_aX:3M24xM18 R4 _qCRL |
||
| 100 |
_aKuruma, Samezo _9752314 |
||
| 245 | _aPursuit of Marx's theory of crisis | ||
| 260 |
_aLeiden, Netherlands: _bBrill, _c2024. |
||
| 300 | _aix, 478p. | ||
| 365 |
_b 175.00 _cEURO |
||
| 490 | _aHistorical materialism book series, (Editer) Lore Balhorn | ||
| 650 | _aEconomics | ||
| 650 | _aMarx, Karl | ||
| 700 |
_aSchauerte, Michael (Ed. & Tr.) _9752315 |
||
| 942 |
_2CC _cTB _hX:3M24xM18 R4 _n0 |
||
| 999 |
_c1309019 _d1309019 |
||